000 00370nam a2200157Ia 4500
008 240830s1959 xx 000 0 und d
041 _aeng
082 _a1
100 _aJPHN
245 _aSHAWA TEXT BOOK OF GYNAECOLOGY
250 _a1
260 _aAHMEDNAGAR
_bN.D.
_c1959
300 _a100p
906 _aSHAWA TEXT BOOK OF GYNAECOLOGY
999 _c1183969
_d1183969